Normal view
MARC view
- الحضارة-علم اجتماع-ابن خلدون
Entry Topical Term
001 - CONTROL NUMBER
- control field: 37885
003 - CONTROL NUMBER IDENTIFIER
- control field: JO-AjAnu
005 - DATE AND TIME OF LATEST TRANSACTION
- control field: 20230606080320.0
008 - FIXED-LENGTH DATA ELEMENTS
- fixed length control field: 230606|| aca||aabn | a|a d
040 ## - CATALOGING SOURCE
- Original cataloging agency: JO-AjAnu
- Transcribing agency: JO-AjAnu
150 ## - HEADING--TOPICAL TERM
- Topical term or geographic name entry element: الحضارة-علم اجتماع-ابن خلدون
670 ## - SOURCE DATA FOUND
- Source citation: Work cat.: (JO-AjAnu)19438: تاليف الحاجري، محمد طه, author 37884, إبن خلدون بين حياة العلم ودنيا السياسة